Movies Quiz

Random Movies or Clickable Quiz
Score 0/56 Timer 06:00
5 Plays Today
% Correct
Katniss Everdeen
93.9%
The Hulk
92.6%
Captain America
92.6%
Iron Man
92.6%
Ariel
92.4%
Cinderella
92.1%
Belle
92.1%
Charlie Bucket
91.8%
Edward Cullen
91.7%
Jasmine
91.7%
Snow White
91.7%
Bella Swan
91.5%
Rapunzel
91.3%
Pocahontas
91.3%
Mulan
90.9%
Violet Beauregarde
90.4%
Aurora
90.4%
Woody
90%
Augustus Gloop
89.9%
Luke Skywalker
89.6%
Snape
89.5%
Black Widow
89.4%
Han Solo
89.2%
Obi-Wan Kenobi
89%
Thor
88.3%
Leia Organa
88.2%
Peeta Mellark
87.7%
Moana
87.1%
% Correct
Peter Venkman
86.1%
Quirrell
85.8%
Tiana
85.8%
Jacob Black
85.3%
Veruca Salt
85%
Hawkeye
85%
Umbridge
84.6%
Lupin
84%
Lando Calrissian
83.3%
Dash
83.2%
Bob
83%
Helen
82.3%
Haymitch Abernathy
81.7%
Bullseye
81.6%
Lockhart
81.5%
Jessie
81.2%
Egon Spengler
81%
Violet
80.6%
Stinky Pete (The Prospector)
80.4%
Ray Stantz
80.2%
Jack-Jack
79.7%
Merida
79.6%
Mike Teavee
78.9%
Moody
78.3%
Winston Zeddmore
77.2%
Carrow
73.6%
Rey
68.9%
Finn
67.4%

You're not logged in!

Compare scores with friends on all Sporcle quizzes.
OR
Log In

Sporcle TV

Today on Sporcle TV


Watch our educational content, quiz creation guides, and fun videos on Sporcle TV.

Show Comments

Extras

Top Quizzes Today


Score Distribution

Paid Content

Your Account Isn't Verified!

In order to create a playlist on Sporcle, you need to verify the email address you used during registration. Go to your Sporcle Settings to finish the process.

Report this User

Report this user for behavior that violates our Community Guidelines.

Details: